000 00483nam a2200181Ia 4500
001 9052
005 20260306160655.0
008 260306t2001||||xx |||||||||||||| ||spa||
041 _aESP
082 _a372.42
_bF
100 _aFernández Rodríguez, Nieves
_eAUT
245 0 _aCuentos animados:
_brelatos infantiles con actividades de animación a la lectura
260 _c2001
300 _a208 páginas :
_c24 cm.
650 _aGEN
654 _aCED
942 _cLIB
_dJUS
_fJUS
_2ddc
_n
999 _c9052
_d9052